000 00502nam a2200181Ia 4500
008 151202s9999||||xx |||||||||||||| ||und||
082 _bPNVM-31703
100 _aभावे पु.भा.
245 _aआवर्ण.
260 _b"मेनका प्रकाशन,मुंबई."
260 _c0
300 _a137
600 _aभावे पु.भा.
630 _aआवर्ण.
700 _aभावे पु.भा.
730 _aआवर्ण.
942 _cBOOK
999 _c1297664
_d1297661